Strategic Marketing Management : Planning and Control 2003-2004
Gorde:
| Egile nagusia: | |
|---|---|
| Formatua: | Liburua |
| Hizkuntza: | Undetermined |
| Argitaratua: |
Amsterdam
Butterworth Heinemann
2003
|
| Gaiak: | |
| Etiketak: |
Etiketa erantsi
Etiketarik gabe, Izan zaitez lehena erregistro honi etiketa jartzen!
|
| Thư viện lưu trữ: | Trung tâm Học liệu Trường Đại học Cần Thơ |
|---|
| LEADER | 00620nam a2200217Ia 4500 | ||
|---|---|---|---|
| 001 | CTU_94377 | ||
| 008 | 210402s9999 xx 000 0 und d | ||
| 020 | |c 26.41 | ||
| 082 | |a 658.8 | ||
| 082 | |b M494 | ||
| 100 | |a Meek, Helen | ||
| 245 | 0 | |a Strategic Marketing Management : | |
| 245 | 0 | |b Planning and Control 2003-2004 | |
| 245 | 0 | |c Helen Meek, Richard Meek | |
| 260 | |a Amsterdam | ||
| 260 | |b Butterworth Heinemann | ||
| 260 | |c 2003 | ||
| 650 | |a Marketing,Strategic planning,Marketing | ||
| 650 | |x Management,Decision making | ||
| 904 | |i Trúc | ||
| 980 | |a Trung tâm Học liệu Trường Đại học Cần Thơ | ||